Neptalí Martínez : (Registro nro. 13364)
[ vista simple ]
| 000 -CABECERA | |
|---|---|
| Longitud fija campo de control | 01247nam a2200349Ia 4500 |
| 001 - NÚMERO DE CONTROL | |
| Número de control | 366474 |
| 003 - IDENTIFICADOR DEL NÚMERO DE CONTROL | |
| Identificador del número de control | EC-QuCCB |
| 005 - FECHA Y HORA DE LA ÚLTIMA TRANSACCIÓN | |
| Fecha y hora de la última transacción | 20240422123634.0 |
| 007 - CAMPO FIJO DE DESCRIPCIÓN FÍSICA--INFORMACIÓN GENERAL | |
| Campo fijo de descripción física | ta |
| 008 - DATOS DE LONGITUD FIJA--INFORMACIÓN GENERAL | |
| Códigos de información de longitud fija | 130917s1996 ec a|||gr 001 0dspa d |
| 017 ## - NÚMERO DE COPYRIGHT O DE DEPÓSITO LEGAL | |
| Número de registro de derechos de autor | 010317 |
| 020 ## - NÚMERO INTERNACIONAL ESTÁNDAR DEL LIBRO | |
| Número Internacional Normalizado para Libros (ISBN) | 9978-95-108-3 |
| 040 ## - FUENTE DE LA CATALOGACIÓN | |
| Centro catalogador de origen | EC-QuCCB |
| 041 0# - CÓDIGO DE LENGUA | |
| Código de lengua del texto;banda sonora o título independiente | spa |
| 043 ## - CÓDIGO DE ÁREA GEOGRÁFICA | |
| Código de área geográfica | s-ec |
| 082 ## - NÚMERO DE LA CLASIFICACIÓN DECIMAL DEWEY | |
| Número de clasificación | 736.4866 |
| Número de documento | E749 |
| 084 ## - OTRO NÚMERO DE CLASIFICACIÓN | |
| Número de clasificación | FER2Lc000849 |
| 100 1# - ENTRADA PRINCIPAL--NOMBRE DE PERSONA | |
| 9 (RLIN) | 2490 |
| Nombre de persona | Escudero de Terán, Ximena, |
| Fechas asociadas con el nombre | 1950- |
| 245 10 - MENCIÓN DE TÍTULO | |
| Título | Neptalí Martínez : |
| Parte restante del título | la permanencia del arte colonial |
| Mención de responsabilidad, etc. | Ximena Escudero-Albornoz |
| 260 ## - PUBLICACIÓN, DISTRIBUCIÓN, ETC. (PIE DE IMPRENTA) | |
| Lugar de publicación, distribución, etc. | Quito, Ecuador : |
| Nombre del editor, distribuidor, etc. | Ediciones Fundación El Comercio, |
| Fecha de publicación, distribución, etc. | 1996 |
| 300 ## - DESCRIPCIÓN FÍSICA | |
| Extensión | 103 páginas : |
| Otros detalles físicos | ilustraciones ; |
| Dimensiones | 31 cm |
| 336 ## - TIPO DE CONTENIDO | |
| Content type term | texto |
| Content type code | txt |
| 337 ## - TIPO DE MEDIO | |
| Media type term | no mediado |
| Media type code | n |
| 338 ## - TIPO DE PORTADOR | |
| Carrier type term | volumen |
| Carrier type code | nc |
| 504 ## - NOTA DE BIBLIOGRAFÍA, ETC. | |
| Nota de bibliografía, etc. | Bibliografía : página 103 |
| 505 0# - NOTA DE CONTENIDO CON FORMATO | |
| Nota de contenido con formato preestablecido | Esquema biográfico -- La Obra: Fascinación por el arte colonial -- Adaptación de lo tradicional a lo moderno: Técnicas de la talla en madera-- Resumen esquemático de la vida de Neptalí Martínez -- Catálogo de la obra -- Apéndice documental |
| 590 ## - NOTA LOCAL (RLIN) | |
| Nota local | jcc |
| 600 10 - PUNTO DE ACCESO ADICIONAL DE MATERIA--NOMBRE DE PERSONA | |
| 9 (RLIN) | 43220 |
| Nombre de persona | Martínez Jaramillo, Neptalí. |
| Fechas asociadas al nombre | 1910- |
| 650 ## - PUNTO DE ACCESO ADICIONAL DE MATERIA--TÉRMINO DE MATERIA | |
| Nombre de materia o nombre geográfico como elemento de entrada | Arte ecuatoriano |
| 9 (RLIN) | 11021 |
| Nombre de materia o nombre geográfico como elemento de entrada | Escultura ecuatoriana |
| 9 (RLIN) | 12565 |
| 942 ## - ELEMENTOS DE PUNTO DE ACCESO ADICIONAL (KOHA) | |
| Fuente de clasificaión o esquema | Número de Clasificación Local |
| Koha [por defecto] tipo de item | Monografía |
| Suprimido | Perdido | Fuente de clasificación o esquema | Estropeado | No se presta | Koha Colección | Localización (Biblioteca) | Localización actual | Localización en estanterías | Fecha adquisición | Clasificación completa | Designación de pieza (código de barras) | Fecha última consulta | Número de ejemplar | Tipo de item de Koha |
|---|---|---|---|---|---|---|---|---|---|---|---|---|---|---|
| Disponible | Número de Clasificación Local | Sin daños | Disponible para préstamo | ARTE | Biblioteca y Archivo de la CCE | Biblioteca y Archivo de la CCE | ARTE | 15/02/2024 | FER2Lc000849 | E0070193 | 17/09/2013 | Ej. 1 | Monografía |























